00912nam a2200253Ia 4500008004100000020001800041040001800059041000800077060001100085245012700096260004800223300005700271490003800328504005300366650003000419650002100449650001600470650002300486650005600509700002100565700002500586700002500611700002200636130821s2004 xxua gr eng  a9781441919052 aCo-BoUCMbspa00aeng aWA 90000aRegression methods in biostatistics linear, logistic, survival, and repeated measures modelscEric Vittinghoff...[et at.] aNueva York (Estados Unidos)bSpringerc2004 axv, 340 páginasbilustraciones gráficos, cuadros 0aStatistics for biology and health aIncluye referencias bibliográficas e índice.04aAnálisis de regresión04aBioestadística04aBiometría04aCiencias naturales04aMedicinaxInvestigacionesvMétodos estadísticos1 aGlidden David V.1 aMcCulloch Charles E.1 aShiboski, Stephen C.1 aVittinghoff, Eric